Score 0/130 Timer 08:00
1 Play Today
% Correct
Rachel
61.9%
Rachel
61.9%
Rachel
61.9%
Hannah
61.2%
Hannah
61.2%
Lauren
60.8%
Lauren
60.8%
Lauren
60.8%
Olivia
59.1%
Amanda
58.6%
Amanda
58.6%
Amanda
58.6%
Ashley
52.4%
Ashley
52.4%
Ashley
52.4%
Martha
51.7%
Martha
51.7%
Martha
51.7%
Martha
51.7%
Martha
51.7%
Martha
51.7%
Martha
51.7%
Sharon
51%
Sharon
51%
Sharon
51%
Sandra
50.2%
Sandra
50.2%
Sandra
50.2%
Sandra
50.2%
Sandra
50.2%
Louise
49%
Louise
49%
Louise
49%
Louise
49%
Louise
49%
Sophia
47.5%
Angela
47.4%
Angela
47.4%
Angela
47.4%
Nicole
47.2%
Nicole
47.2%
Nicole
47.2%
Brenda
45.8%
Brenda
45.8%
% Correct
Brenda
45.8%
Andrea
45.2%
Andrea
45.2%
Teresa
44.8%
Teresa
44.8%
Janice
43.6%
Janice
43.6%
Janice
43.6%
Evelyn
43.5%
Evelyn
43.5%
Evelyn
43.5%
Evelyn
43.5%
Jennie
40.8%
Carrie
40.3%
Carrie
40.3%
Carrie
40.3%
Pamela
40.2%
Pamela
40.2%
Pamela
40.2%
Pamela
40.2%
Judith
40.2%
Judith
40.2%
Judith
40.2%
Joanne
40.2%
Denise
39.2%
Denise
39.2%
Bertha
37.7%
Bertha
37.7%
Bertha
37.7%
Bertha
37.7%
Bertha
37.7%
Alicia
37.5%
Marian
35.9%
Debbie
35.9%
Alyssa
35.8%
Alyssa
35.8%
Alexis
35.8%
Alexis
35.8%
Monica
35.7%
Monica
35.7%
Cheryl
34.6%
Cheryl
34.6%
Cheryl
34.6%
Marion
34.5%
% Correct
Marion
34.5%
Gloria
34.2%
Gloria
34.2%
Gloria
34.2%
Esther
34%
Esther
34%
Esther
34%
Esther
34%
Elaine
34%
Bonnie
32.8%
Minnie
32.7%
Minnie
32.7%
Minnie
32.7%
Morgan
32.2%
Taylor
31.9%
Taylor
31.9%
Connie
31.3%
Bessie
29.9%
Bessie
29.9%
Bessie
29.9%
Bessie
29.9%
Hailey
29.5%
Thelma
29.5%
Thelma
29.4%
Thelma
29.4%
Thelma
29.4%
Stacey
29%
Gladys
27.4%
Gladys
27.4%
Gladys
27.4%
Nellie
26.5%
Nellie
26.5%
Rhonda
26%
Hattie
25.4%
Lillie
20.9%
Myrtle
20.5%
Myrtle
20.5%
Myrtle
20.5%
Myrtle
20.5%
Sydney
20.2%
Mattie
19.3%
Brandy
18.1%
Come Together.
Have Fun.
All Virtual.
We all need to come together. Play Sporcle's virtual live trivia to have fun, connect with people, and get your trivia on. Join a live hosted trivia game for your favorite pub trivia experience done virtually. If a virtual private party is more your thing, go here for details.

You're not logged in!

Compare scores with friends on all Sporcle quizzes.
OR
Log In

Sporcle TV

Today on Sporcle TV


Watch our educational content, quiz creation guides, and fun videos on Sporcle TV.

Show Comments

Extras

Top Quizzes Today


Score Distribution

Paid Content

Your Account Isn't Verified!

In order to create a playlist on Sporcle, you need to verify the email address you used during registration. Go to your Sporcle Settings to finish the process.

Report this User

Report this user for behavior that violates our Community Guidelines.

Details: